|
|
|
|
| LEADER |
00000naa2a2200000 4500 |
| 001 |
465004 |
| 005 |
20241226135744.0 |
| 035 |
|
|
|a (RuTPU)RU\TPU\prd\129560
|
| 035 |
|
|
|a RU\TPU\tpu\157
|
| 090 |
|
|
|a 465004
|
| 100 |
|
|
|a 20120126d1960 k||y0rusy50 ca
|
| 101 |
0 |
|
|a rus
|
| 102 |
|
|
|a RU
|
| 200 |
1 |
|
|a Реконструкция действующих предприятий Томского экономического административного района
|f А. П. Горюнов, Д. М. Казакевич
|
| 461 |
|
|
|0 (RuTPU)RU\TPU\prd\443
|x 0869-4672
|t Плановое хозяйство
|o политико-экономический журнал
|f СССР, Государственная плановая комиссия (Госплан СССР) ; ЦУНХУ СССР
|d 1924-1991
|
| 463 |
|
|
|0 (RuTPU)RU\TPU\prd\129555
|t № 2
|v С. 87-91
|d 1960
|
| 610 |
1 |
|
|a политическая экономия
|
| 610 |
1 |
|
|a история экономических учений
|
| 610 |
1 |
|
|a труды учёных ТПУ
|
| 700 |
|
1 |
|a Горюнов
|b А. П.
|
| 701 |
|
1 |
|a Казакевич
|b Д. М.
|
| 801 |
|
0 |
|a RU
|b 63413507
|c 20011210
|g PSBO
|
| 801 |
|
2 |
|a RU
|b 63413507
|c 20120126
|g PSBO
|
| 942 |
|
|
|c CR
|